| 000 | 00000nam##2200000za#4500 |
| 001 | 9.621635 |
| 003 | CaOODSP |
| 005 | 20240212134142 |
| 007 | ta |
| 008 | 150406|1992||||xxc||||| f|0| 0 fre|d |
| 020 | |a0-662-97653-3 |
| 022 | |a1713-0646 |
| 040 | |aCaOODSP|bfre |
| 043 | |an-cn--- |
| 086 | 1 |aNE22-1/1992-9F |
| 110 | 1 |aCanada. |bOffice national de l'énergie. |
| 245 | 10|aTrans Mountain Pipe Line Company Ltd. : |bdemande en date du 6 septembre 1991 concernant de nouveaux droits exigibles à compter du 1er janvier 1992 |
| 260 | |aCalgary - Alberta : |bOffice national de l'énergie |cJuin 1992. |
| 300 | |a70p. : |btableaux ; |c28 cm. |
| 490 | 1 |aMotifs de décision|x1713-0646 |
| 563 | |aCouverture souple |
| 691 | 07|aIndustrie pétrolière|2gcpds |
| 775 | 08|tTrans Mountain Pipe Line Company Ltd. : |w(CaOODSP)9.609896 |
| 776 | 0#|tMotifs de décision relativement à Trans Mountain Pipe Line Company Ltd. : |w(CaOODSP)9.602739 |
| 830 | #0|aMotifs de décision (Canada. Office national de l'énergie)|x1713-0646|w(CaOODSP)9.513162 |
| 986 | |aRH-3-91 |